Banana Fish - Statistics

General Stats
  • This quiz has been taken 173 times
  • The average score is 8 of 15
Answer Stats
Hint Answer % Correct
He's just sleeping Ash/ Aslan
99%
Big brother Eiji
96%
Our purple guy Shorter
85%
Mother fucker🤮 Dino
77%
Died too young Skipper
66%
Ex soldier Max
65%
Mistaken for a woman Yut Lung
58%
Bad ass woman Jessica
54%
Chinatown leader Sing
50%
Mother fucker 2.0🤮 Arthur
43%
Photographer Ibe
39%
Only 4 toothes Bones
32%
Disgusting pig🤮 Marvin
29%
Sweet little guy Michael
20%
Teddy bear Kong
13%
No matching quizzes found
Score Distribution
Percent of People with Each Score
Percentile by Number Answered
Your Score History
You have not taken this quiz